Libro de las cosas maravillosas / (Record no. 181626)
[ view plain ]
| 000 -LEADER | |
|---|---|
| campo de control de longitud fija | 01383nam a2200313 i 4500 |
| 001 - NÚMERO DE CONTROL | |
| campo de control | 181626 |
| 003 - IDENTIFICADOR DE NÚMERO DE CONTROL | |
| campo de control | ES-MaACL |
| 005 - FECHA Y HORA DE LA ÚLTIMA TRANSACCIÓN | |
| campo de control | 20250824085146.0 |
| 008 - DATOS DE LONGITUD FIJA--INFORMACIÓN GENERAL | |
| campo de control de longitud fija | 130226s1947 sp |||| | spa d |
| 080 ## - NÚMERO DE LA CLASIFICACIÓN DECIMAL UNIVERSAL | |
| Número de la Clasificación Decimal Universal | 821.133.1-992"12" |
| 080 ## - NÚMERO DE LA CLASIFICACIÓN DECIMAL UNIVERSAL | |
| Número de la Clasificación Decimal Universal | 913(5)"12" |
| 100 1# - ENTRADA PRINCIPAL--NOMBRE DE PERSONA | |
| Nombre de persona | Polo, Marco, |
| Fechas asociadas al nombre | 1254-1324 |
| 9 (RLIN) | 92864 |
| 245 10 - MENCIÓN DEL TÍTULO | |
| Título | Libro de las cosas maravillosas / |
| Mención de responsabilidad, etc. | de Marco Polo . |
| Resto del título | [y Tratado de Pogio Florentino / traducción de Rodrigo Fernández de Santaella] ; lo publica la Sociedad de Bibliófilos Españoles ; [prólogo de Rafael Benítez Claros]. |
| 260 ## - PUBLICACIÓN, DISTRIBUCIÓN, ETC. | |
| Lugar de publicación, distribución, etc. | Madrid : |
| Nombre del editor, distribuidor, etc. | Sociedad de Bibliófilos Españoles, |
| Fecha de publicación, distribución, etc. | 1947 ( |
| Fabricante | Gráf. Ultra) |
| 300 ## - DESCRIPCIÓN FÍSICA | |
| Extensión | XXII, 197 p., 1 lám., 2 h. ; |
| Dimensiones | 25 cm. |
| 490 1# - MENCIÓN DE SERIE | |
| Mención de serie | Sociedad de Bibliófilos Españoles. Segunda época ; |
| Designación de volumen o secuencia | 20 |
| 534 ## - NOTA SOBRE LA VERSIÓN ORIGINAL | |
| Frase introductoria | Reimp. de la ed. de: |
| Publicación, distribución, etc. del original | Sevilla, 1518. |
| 594 ## - Nota al título y mención de responsabilidad | |
| Nota al título y mención de responsabilidad | El autor del tratado es Giovanni Francesco Poggio Bracciolini. |
| 651 #4 - PUNTO DE ACCESO ADICIONAL DE MATERIA--NOMBRE GEOGRÁFICO | |
| Nombre geográfico | Asia- |
| Subdivisión general | Descripción- |
| Subdivisión cronológica | S.XIII |
| 9 (RLIN) | 7825 |
| 651 #4 - PUNTO DE ACCESO ADICIONAL DE MATERIA--NOMBRE GEOGRÁFICO | |
| Nombre geográfico | Asia- |
| Subdivisión general | Descripción- |
| Subdivisión cronológica | S.XIV |
| 9 (RLIN) | 7826 |
| 700 1# - ENTRADA AGREGADA--NOMBRE PERSONAL | |
| Nombre de persona | Fernández de Santaella, Rodrigo. |
| 9 (RLIN) | 49712 |
| 700 1# - ENTRADA AGREGADA--NOMBRE PERSONAL | |
| Nombre de persona | Benítez Claros, Rafael. |
| 9 (RLIN) | 27622 |
| 700 1# - ENTRADA AGREGADA--NOMBRE PERSONAL | |
| Nombre de persona | Bracciolini, Poggio ( |
| Fechas asociadas al nombre | 1380-1459) |
| 9 (RLIN) | 152379 |
| 710 2# - ENTRADA AGREGADA--NOMBRE DE ENTIDAD CORPORATIVA | |
| Nombre de entidad corporativa o nombre de jurisdicción como elemento de entrada | Sociedad de Bibliófilos Españoles. |
| 9 (RLIN) | 6661 |
| 830 10 - PUNTO DE ACCESO ADICIONAL DE SERIE-TÍTULO UNIFORME | |
| Título uniforme | Sociedad de Bibliófilos Españoles. Segunda época |
| Designación de volumen o secuencia | 20 |
| 9 (RLIN) | 191496 |
| 852 4# - LOCALIZACIÓN | |
| Ubicación | ES-MaACL |
| Número de control de estantería | J-7(II-20) |
| 942 ## - ELEMENTOS DE ENTRADA SECUNDARIOS (KOHA) | |
| Fuente del sistema de clasificación o colocación | Clasificación decimal universal |
| Estatus retirado | Estado de pérdida | Estado de daño | No para préstamo | Biblioteca de origen | Biblioteca actual | Ubicación en estantería | Fecha de adquisición | Fuente de adquisición | Total de préstamos | Signatura topográfica completa | Código de barras | Visto por última vez | Precio de reemplazo | Tipo de ítem Koha |
|---|---|---|---|---|---|---|---|---|---|---|---|---|---|---|
| Biblioteca del Ateneo de Madrid | Biblioteca del Ateneo de Madrid | Depósito 2 | 26/02/2013 | J-7(II-20) | 1190871 | 23/02/2023 | 23/02/2023 | Libro impreso |
